Guess the Taylor Swift song no hints #50 - Statistics

General Stats
  • This quiz has been taken 42 times
  • The average score is 323 of 408
Answer Stats
Answer % Correct
an
100%
you
100%
You
100%
And
96%
and
96%
I
96%
I'm
96%
in
96%
me
96%
my
96%
now
96%
Now
96%
the
96%
The
96%
this
96%
to
96%
To
96%
we
96%
We
96%
when
96%
your
96%
at
92%
for
92%
is
92%
it
92%
It
92%
It's
92%
it's
92%
on
92%
that
92%
too
92%
who
92%
as
88%
back
88%
be
88%
But
88%
but
88%
go
88%
If
88%
if
88%
I'll
88%
just
88%
not
88%
of
88%
out
88%
So
88%
so
88%
stay
88%
were
88%
with
88%
all
84%
by
84%
can
84%
could
84%
down
84%
know
84%
like
84%
looks
84%
ever
80%
good
80%
real
80%
Time
80%
was
80%
would've
80%
always
76%
ask
76%
call
76%
don't
76%
hear
76%
make
76%
right
76%
road
76%
there
76%
though
76%
wanted
76%
yours
76%
babe
72%
damn
72%
gone
72%
house
72%
only
72%
season
72%
staying
72%
taken
72%
Tis
72%
up
72%
asked
68%
friends
68%
heart
68%
I've
68%
LA
68%
leave
68%
ours
68%
parents
68%
won't
68%
write
68%
around
64%
day
64%
even
64%
Even
64%
how
64%
same
64%
times
64%
about
60%
hanging
60%
tell
60%
There's
60%
used
60%
weekend
60%
bad
56%
bed
56%
flies
56%
hometown
56%
known
56%
leads
56%
ride
56%
smile
56%
While
56%
car
52%
kind
52%
okay
52%
old
52%
own
52%
put
52%
which
52%
missing
48%
sake
48%
Sleep
48%
smiles
48%
so-called
48%
between
44%
books
44%
breaking
44%
faking
44%
far
44%
leaving
44%
Methodist
44%
mud
44%
parked
44%
school
44%
tires
44%
truck
44%
warmest
44%
ache
40%
felt
40%
half
40%
messy
40%
run
40%
soul
40%
wait
40%
watched
40%
cold
36%
linger
36%
remember
36%
Who'll
36%
fogs
32%
passed
32%
perfume
32%
wonder
32%
escaped
28%
glass
28%
holidays
28%
windshield
28%
No matching quizzes found
Score Distribution
Percent of People with Each Score
Percentile by Number Answered
Your Score History
You have not taken this quiz